Wavelets and operators /
Guardado en:
| Autor Principal: | |
|---|---|
| Otros Autores: | |
| Formato: | Libro |
| Idioma: | English French |
| Publicado: |
Cambridge :
Cambridge University Press,
1992.
|
| Series: | Cambridge studies in advanced mathematics ;
37 |
| Etiquetas: |
Agregar Etiqueta
Sin Etiquetas, Sea el primero en etiquetar este registro!
|
| LEADER | 01243nam a22002775a 4500 | ||
|---|---|---|---|
| 001 | MAT.inmabb000007 | ||
| 008 | 931222s1992####enk######b####001#0#eng#d | ||
| 005 | 20150313171803.0 | ||
| 245 | 1 | 0 | |a Wavelets and operators / |c Yves Meyer ; translated by D. H. Salinger. |
| 260 | |a Cambridge : |b Cambridge University Press, |c 1992. | ||
| 300 | |a xv, 223 p. ; |c 23 cm. | ||
| 440 | 0 | |a Cambridge studies in advanced mathematics ; |v 37 | |
| 500 | |a Traducción de: Ondelettes et opérateurs. Paris : Hermann, c1990. | ||
| 505 | 0 | |a 1. Fourier series and integrals, filtering and sampling -- 2. Multiresolution approximation of L2(Rn) -- 3. Orthonormal wavelet bases -- 4. Non-orthogonal wavelets -- 5. Wavelets, the Hardy space H1, and its dual BMO -- 6. Wavelets and spaces of functions and distributions. | |
| 504 | |a Bibliografía: p. [208]-[220]. | ||
| 510 | 4 | |a MR, |c 94f:42001 | |
| 020 | |a 0521458692 | ||
| 020 | |a 0521420008 (hbk) | ||
| 100 | 1 | |a Meyer, Yves. | |
| 240 | 1 | 0 | |a Ondelettes et opérateurs. |l Inglés |
| 700 | 1 | |a Salinger, D. H. |q (David H.) |4 trl | |
| 084 | |a 42C40 (42B30 65T60 32A37) |2 msc2000 | ||
| 010 | |a 93246475 | ||
| 041 | 1 | |a eng |h fre | |
| 859 | |h 42 |i M612i |p A-7704 |b BIB. MATEMATICA | ||
| 859 | |h 42 |i M612i |p A-8189 |t Ej. 2 |b BIB. MATEMATICA | ||
